|
|
|
|
| LEADER |
00000nam0a2200000 4500 |
| 001 |
301291 |
| 005 |
20231102001404.0 |
| 035 |
|
|
|a (RuTPU)RU\TPU\book\326463
|
| 090 |
|
|
|a 301291
|
| 100 |
|
|
|a 20150728d1972 k y0rusy50 ca
|
| 101 |
0 |
|
|a rus
|
| 102 |
|
|
|a RU
|
| 105 |
|
|
|a a z 001zy
|
| 200 |
1 |
|
|a Зонная плавка с градиентом температуры
|e [монография]
|f В. Н. Лозовский
|g под ред. В. Н. Вигдоровича
|
| 210 |
|
|
|a Москва
|c Металлургия
|d 1972
|
| 215 |
|
|
|a 240 с.
|c ил.
|
| 320 |
|
|
|a Библиогр.: с. 231-240
|
| 606 |
1 |
|
|a Зонная плавка
|2 stltpush
|3 (RuTPU)RU\TPU\subj\11912
|9 38786
|
| 606 |
1 |
|
|a Полупроводники
|x Очистка
|2 stltpush
|3 (RuTPU)RU\TPU\subj\50568
|9 69221
|
| 610 |
1 |
|
|a температура
|
| 610 |
1 |
|
|a полупроводниковые материалы
|
| 610 |
1 |
|
|a зонная плавка
|
| 610 |
1 |
|
|a рафинирование
|
| 610 |
1 |
|
|a кинетика
|
| 610 |
1 |
|
|a градиенты
|
| 610 |
1 |
|
|a температура
|
| 610 |
1 |
|
|a полупроводниковые кристаллы
|
| 675 |
|
|
|a 669.049
|v 4
|
| 675 |
|
|
|a 621.315.592.002
|v 4
|
| 700 |
|
1 |
|a Лозовский
|b В. Н.
|g Владимир Николаевич
|
| 702 |
|
1 |
|a Вигдорович
|b В. Н.
|4 340
|
| 801 |
|
1 |
|a RU
|b 63413507
|c 20150728
|
| 801 |
|
2 |
|a RU
|b 63413507
|c 20161114
|g RCR
|
| 942 |
|
|
|c BK
|